000 00420nam a2200169Ia 4500
008 170705s9999 xx 000 0 und d
020 _a9780439372978
245 _aChasing Vermeer /
245 _cBlue Balliett ; illustrated by Brett Helquist.
260 _aNew York :
260 _bScholastic,
260 _c2004
300 _a254 pages :
300 _bcolor illustration ;
300 _c19cm.
500 _a770
999 _c336363
_d336363